000 00325nam a22001337a 4500
020 _a075130634-7
082 _a030
_bDK/U
100 _aDORLINH KINDERSLEY
245 _aULTIMATE VISUAL DICTIONARY
_b21ST CENTURY SUPPLEMENT
260 _aLONDON
_bDK BOOKS
300 _a640
650 _aDICTIONARY
_zUNITED KINGDOM
942 _cBK
999 _c2154
_d2154